Zakonomernosti techniko-ekonomičeskogo razvitija i ich deformacii.

Hypotéza Schumpetera o povahe dlhých vĺn cyklov a vedeckotechnický pokrok ako základ vĺn u S. Glaz'jeva. Patologické vrstvenie starých a nových technológií v podmienkach absencie štruktúrnych zmien. Nerozvinutosť nástrojov dlhodobého rozvoja v Rusku. Potreba zmien v systéme tvorby cien a podmienky p...

Descrizione completa

Salvato in:
Dettagli Bibliografici
Autore principale: L'vov, D.
Natura: Capitolo di libro
Lingua:russo
Soggetti:
Tags: Aggiungi Tag
Nessun Tag, puoi essere il primo ad aggiungerne!!

MARC

LEADER 00000naa a2200000 4500
001 r010788
005 20221130113337.6
041 0 |a rus 
044 |a [SU] 
245 1 0 |a Zakonomernosti techniko-ekonomičeskogo razvitija i ich deformacii.  |c D. L'vov 
520 |a Hypotéza Schumpetera o povahe dlhých vĺn cyklov a vedeckotechnický pokrok ako základ vĺn u S. Glaz'jeva. Patologické vrstvenie starých a nových technológií v podmienkach absencie štruktúrnych zmien. Nerozvinutosť nástrojov dlhodobého rozvoja v Rusku. Potreba zmien v systéme tvorby cien a podmienky prechodu na svetové ceny. 
610 2 0 |a cykly hospodárske 
610 2 0 |a teória cyklu 
610 2 0 |a Schumpeter, J.A. 
610 2 0 |a pokrok vedeckotechnický 
610 2 0 |a Glazjev, S. 
610 2 0 |a technológia 
610 2 0 |a technológie nové 
610 2 0 |a zmeny štruktúrne 
610 2 0 |a rozvoj hospodársky 
610 2 0 |a Rusko 
610 2 0 |a nástroje ekonomické 
610 2 0 |a tvorba cien 
610 2 0 |a ceny svetové 
610 2 0 |a Kondraťjev, N.D. 
100 1 |a L'vov, D.